Guess the Fusion Rock Song Lyrics #15 - Statistics

General Stats
  • This quiz has been taken 22 times
  • The average score is 163 of 271
Answer Stats
Answer % Correct
a
89%
Don't
89%
don't
89%
go
89%
got
89%
I
89%
know
89%
the
89%
They
89%
they
89%
up
89%
you
89%
and
83%
And
83%
gone
83%
it
83%
it's
83%
my
83%
put
83%
to
83%
what
83%
all
78%
lot
78%
on
78%
see
78%
That
78%
til
78%
you've
78%
in
72%
me
72%
parking
72%
always
67%
Joni Mitchell
67%
just
67%
now
67%
paradise
67%
paved
67%
seem
67%
big
56%
But
56%
took
56%
With
56%
man
50%
night
50%
taxi
50%
yellow
50%
hot
44%
tree
44%
Give
39%
museum
39%
old
39%
said
39%
trees
39%
charged
33%
dollar
33%
em
33%
half
33%
Hey
33%
last
33%
leave
33%
people
33%
spot
33%
away
28%
boutique
28%
heard
28%
hotel
28%
please
28%
swingin
28%
apples
22%
bees
22%
birds
22%
DDT
22%
door
22%
Late
22%
pink
22%
slam
22%
spots
22%
farmer
17%
screen
17%
bop
0%
Shoo
0%
No matching quizzes found
Score Distribution
Percent of People with Each Score
Percentile by Number Answered
Your Score History
You have not taken this quiz